[Event "DEM U14w 2011"]
[Site "Oberhof GER"]
[Date "2011.06.14"]
[Round "4"]
[White "Heinemann, Josefine"]
[Black "Zahn, Alina"]
[Result "1-0"]
[Termination "normal"]
[Board "3"]
[WhiteElo "1716"]
[BlackElo "1599"]
[PlyCount "119"]
[WhiteFideId "12900460"]
[BlackFideId "24696730"]
[EventCountry "GER"]
[EventRounds "9"]
[EventType "swiss"]
[EventDate "2011.06.11"]

1. e4 e5 2. Nf3 Nc6 3. Bb5 a6 4. Ba4 Nf6 5. O-O b5 6. Bb3 Be7 7. Re1 O-O 8. h3
d6 9. c3 Nb8 10. d4 Nbd7 11. Nbd2 Bb7 12. Bc2 Re8 13. Nf1 Bf8 14. d5 c6 15.
dxc6 Bxc6 16. Bg5 h6 17. Bxf6 Nxf6 18. N3h2 Qb6 19. Ng4 Nxg4 20. Qxg4 Re6 21.
Ne3 Rg6 22. Qe2 Qb7 23. Nf5 Bd7 24. Ng3 Qa7 25. Qe3 Qxe3 26. Rxe3 Re6 27. Bb3
Ree8 28. Bd5 Rab8 29. Nf1 Be6 30. Rd3 Bxd5 31. Rxd5 Rec8 32. a3 Be7 33. Ne3 g6
34. Rd3 Kf8 35. Nd5 Rc4 36. f3 f5 37. exf5 gxf5 38. Ne3 e4 39. Nxc4 exd3 40.
Ne3 Bg5 41. Nxf5 Re8 42. Nd4 Bh4 43. Kf1 d2 44. Nc2 Bg3 45. Rd1 Bf4 46. Kf2 Bg5
47. g3 Bd8 48. Nd4 Bb6 49. Rxd2 Kf7 50. Rd3 Kf6 51. Re3 Rxe3 52. Kxe3 d5 53. f4
Kg6 54. Kf3 Kf6 55. g4 Kg6 56. Nf5 Kh7 57. b4 Ba7 58. Nd4 Kg6 59. Nc6 Bb6 60.
Ne7+ 1-0

[Event "DEM U14w 2011"]
[Site "Oberhof GER"]
[Date "2011.06.14"]
[Round "4"]
[White "Diederichs, Luise"]
[Black "Nitzsche, Pia"]
[Result "1-0"]
[Termination "normal"]
[Board "4"]
[WhiteElo "1699"]
[BlackElo "1590"]
[PlyCount "49"]
[WhiteFideId "24661597"]
[BlackFideId "12900370"]
[EventCountry "GER"]
[EventRounds "9"]
[EventType "swiss"]
[EventDate "2011.06.11"]

1. e4 c5 2. Nc3 g6 3. f4 Bg7 4. Nf3 Nc6 5. Bc4 e6 6. O-O Nge7 7. Qe1 O-O 8. d3
a6 9. a4 d5 10. Bb3 d4 11. Ne2 Bd7 12. f5 gxf5 13. Qh4 Ng6 14. Qh5 Bf6 15. exf5
Nge5 16. Ng5 Bxg5 17. Bxg5 f6 18. fxe6 Bxe6 19. Bxe6+ Kh8 20. Bh6 Re8 21. Nf4
Ne7 22. Bf7 Rg8 23. Bxg8 Qxg8 24. Rae1 Re8 25. Rxe5 1-0

[Event "DEM U14w 2011"]
[Site "Oberhof GER"]
[Date "2011.06.14"]
[Round "4"]
[White "Siegl, Melina"]
[Black "Klinge, Alexandra"]
[Result "1-0"]
[Termination "normal"]
[Board "5"]
[WhiteElo "1665"]
[BlackElo "1127"]
[PlyCount "57"]
[WhiteFideId "1272126"]
[EventCountry "GER"]
[EventRounds "9"]
[EventType "swiss"]
[EventDate "2011.06.11"]

1. e4 e5 2. Nf3 Nc6 3. Bc4 Bc5 4. O-O d6 5. c3 Nf6 6. d3 O-O 7. Nbd2 a6 8. Bb3
Ba7 9. h3 Ne7 10. Re1 Ng6 11. Nf1 Qe7 12. Ng3 h6 13. d4 b5 14. Bc2 Bb7 15. Nf5
Qd7 16. N3h4 Nxh4 17. Nxh4 Rae8 18. d5 c6 19. dxc6 Bxc6 20. Nf5 d5 21. exd5
Bxd5 22. Be3 Bb8 23. Bc5 e4 24. Bxf8 Kxf8 25. Ne3 Re5 26. Qd4 Ba7 27. Qxe5 Bb7
28. Rad1 Qc8 29. Nf5 1-0

[Event "DEM U14w 2011"]
[Site "Oberhof GER"]
[Date "2011.06.14"]
[Round "4"]
[White "Bosse, Lea"]
[Black "Lagunow, Elina"]
[Result "0-1"]
[Termination "normal"]
[Board "6"]
[WhiteElo "1541"]
[BlackElo "1738"]
[PlyCount "120"]
[WhiteFideId "12900419"]
[BlackFideId "4673387"]
[EventCountry "GER"]
[EventRounds "9"]
[EventType "swiss"]
[EventDate "2011.06.11"]

1. e4 c5 2. d3 Nc6 3. Nc3 g6 4. Be3 d6 5. d4 Qa5 6. Bb5 Bg7 7. Nge2 cxd4 8.
Bxd4 Nf6 9. e5 dxe5 10. Bxe5 Bd7 11. Bxf6 Bxf6 12. O-O a6 13. Bc4 Rd8 14. Qd5
Qxd5 15. Bxd5 O-O 16. Rad1 Bf5 17. Bb3 Nb4 18. Nd5 Nxd5 19. Rxd5 Rxd5 20. Bxd5
Bxc2 21. Rc1 Bd3 22. Nf4 Bb5 23. Bxb7 Bxb2 24. Rc2 Ba3 25. Rc3 Rd8 26. g3 Rd1+
27. Kg2 Bb4 28. Rc2 Rd2 29. Rxd2 Bxd2 30. Nd5 e6 31. Nc7 Bc4 32. Bxa6 Bxa2 33.
Kf3 Kf8 34. Bd3 f5 35. Ke2 Bc3 36. Ke3 e5 37. f3 Bd4+ 38. Kd2 Ke7 39. Nb5 Bg1
40. h3 Bd5 41. Be2 Kf6 42. Nc3 Bc6 43. Nd1 Bh2 44. g4 Bg3 45. Kd3 Kg5 46. Ne3
e4+ 47. fxe4 Bxe4+ 48. Kd2 f4 49. Nd1 Bg2 50. Bc4 Bxh3 51. Bg8 h6 52. Bf7 Bxg4
53. Nc3 Kf5 54. Nb5 f3 55. Nd4+ Ke4 56. Nxf3 Bxf3 57. Bxg6+ Kf4 58. Bd3 h5 59.
Be2 h4 60. Bxf3 Kxf3 0-1

[Event "DEM U14w 2011"]
[Site "Oberhof GER"]
[Date "2011.06.14"]
[Round "4"]
[White "Schäfer, Annabelle"]
[Black "Halas, Lena"]
[Result "1/2-1/2"]
[Termination "normal"]
[Board "7"]
[WhiteElo "1545"]
[BlackElo "1558"]
[PlyCount "38"]
[WhiteFideId "12917729"]
[BlackFideId "12931799"]
[EventCountry "GER"]
[EventRounds "9"]
[EventType "swiss"]
[EventDate "2011.06.11"]

1. e4 c6 2. d4 d5 3. exd5 cxd5 4. Bd3 Nc6 5. c3 Nf6 6. h3 e6 7. Nf3 Bd6 8. O-O
a6 9. Re1 O-O 10. Qe2 b5 11. Ne5 Na5 12. Bg5 h6 13. Bh4 Nc4 14. Nc6 Qc7 15.
Bxf6 gxf6 16. Qg4+ Kh8 17. Qh4 Kg7 18. Qg4+ Kh8 19. Qh4 Kg7 1/2-1/2

[Event "DEM U14w 2011"]
[Site "Oberhof GER"]
[Date "2011.06.14"]
[Round "4"]
[White "Rahimi, Anita"]
[Black "Gaßmann, Linda"]
[Result "1-0"]
[Termination "normal"]
[Board "8"]
[WhiteElo "1341"]
[BlackElo "1799"]
[PlyCount "99"]
[WhiteFideId "24692336"]
[BlackFideId "12900451"]
[EventCountry "GER"]
[EventRounds "9"]
[EventType "swiss"]
[EventDate "2011.06.11"]

1. d4 Nf6 2. Bf4 d6 3. Nf3 g6 4. e3 Bg7 5. Bd3 O-O 6. O-O Nbd7 7. c4 b6 8. Nc3
Bb7 9. h3 c5 10. Re1 Ne8 11. Be2 Nc7 12. a4 Na6 13. Na2 Nc7 14. dxc5 Nxc5 15.
Nc3 N7e6 16. Bh2 Ne4 17. Nxe4 Bxe4 18. Nd4 Nxd4 19. exd4 Bb7 20. Rc1 Rc8 21. b3
Bh6 22. Rc2 e6 23. Bf3 Bxf3 24. Qxf3 d5 25. Qd3 Bg7 26. Rec1 dxc4 27. Rxc4 Rxc4
28. Rxc4 Qd7 29. Rc7 Qxd4 30. Qxd4 Bxd4 31. Rxa7 Rc8 32. Bf4 Rc2 33. Bh6 Rc8
34. Kf1 Bc5 35. Rd7 Bf8 36. Be3 Bc5 37. Bh6 Bf8 38. Bg5 Rc5 39. Be3 Rc6 40. Rd8
Kg7 41. Bd4+ Kg8 42. Rb8 Rc1+ 43. Ke2 Rc2+ 44. Kd3 Rc7 45. Bxb6 Rd7+ 46. Kc4 f5
47. Bc5 Rf7 48. Rxf8+ Rxf8 49. Bxf8 Kxf8 50. a5 1-0

[Event "DEM U14w 2011"]
[Site "Oberhof GER"]
[Date "2011.06.14"]
[Round "4"]
[White "Koch, Elisabeth"]
[Black "Krein, Jana"]
[Result "1-0"]
[Termination "normal"]
[Board "10"]
[WhiteElo "1538"]
[BlackElo "1213"]
[PlyCount "41"]
[WhiteFideId "24695068"]
[BlackFideId "12937762"]
[EventCountry "GER"]
[EventRounds "9"]
[EventType "swiss"]
[EventDate "2011.06.11"]

1. e4 e5 2. Nf3 Nc6 3. Bc4 Bc5 4. c3 Nf6 5. d4 exd4 6. cxd4 Bb4+ 7. Bd2 Bxd2+
8. Nbxd2 O-O 9. e5 Nh5 10. d5 Na5 11. Bf1 Qe7 12. g3 b6 13. Bg2 Rb8 14. O-O g6
15. Qa4 c5 16. Ne4 Ng7 17. Nf6+ Kh8 18. Qh4 Nh5 19. g4 Nxf6 20. exf6 Qd6 21.
Ng5 1-0

[Event "DEM U14w 2011"]
[Site "Oberhof GER"]
[Date "2011.06.14"]
[Round "4"]
[White "Rosmait, Emily"]
[Black "Weber, Sandra"]
[Result "1/2-1/2"]
[Termination "normal"]
[Board "11"]
[WhiteElo "1253"]
[BlackElo "1624"]
[PlyCount "72"]
[WhiteFideId "12937754"]
[BlackFideId "1270049"]
[EventCountry "GER"]
[EventRounds "9"]
[EventType "swiss"]
[EventDate "2011.06.11"]

1. e4 e5 2. Nf3 Nc6 3. Bb5 a6 4. Ba4 Nf6 5. d3 d6 6. c3 b5 7. Bb3 Be7 8. O-O
O-O 9. Re1 Bg4 10. Nbd2 Na5 11. Bc2 c6 12. Nf1 Qc7 13. h3 Be6 14. Ng3 Nd7 15.
d4 Nf6 16. Be3 Nc4 17. Bc1 h6 18. b3 Nb6 19. Be3 Nbd7 20. Qd2 Rfe8 21. Rad1 Nf8
22. Nf5 Bxf5 23. exf5 e4 24. Nh2 Qd7 25. g4 N8h7 26. Bf4 d5 27. Nf1 Bd6 28. Ng3
Qc7 29. Bxd6 Qxd6 30. Kg2 Ng5 31. Re3 Nf3 32. Qc1 Nh7 33. Rh1 Nh4+ 34. Kf1 Ng5
35. Bd1 Re7 36. Rh2 Rc8 1/2-1/2

[Event "DEM U14w 2011"]
[Site "Oberhof GER"]
[Date "2011.06.14"]
[Round "4"]
[White "Reksten, Anne"]
[Black "Lemke, Berfîn"]
[Result "1-0"]
[Termination "normal"]
[Board "12"]
[WhiteElo "1358"]
[BlackElo "1592"]
[PlyCount "113"]
[WhiteFideId "24692778"]
[BlackFideId "1270578"]
[EventCountry "GER"]
[EventRounds "9"]
[EventType "swiss"]
[EventDate "2011.06.11"]

1. c4 e6 2. g3 d5 3. Bg2 Nf6 4. d4 Be7 5. cxd5 exd5 6. Nc3 c6 7. a3 O-O 8. b4
a6 9. Nf3 Nbd7 10. Qb3 Re8 11. O-O Nf8 12. Ne5 Bd6 13. Nd3 Ne6 14. e3 Ng5 15.
a4 Bh3 16. Ne2 Qd7 17. Ndf4 Bxg2 18. Kxg2 Nh5 19. Ng1 Nxf4+ 20. exf4 Ne4 21.
Be3 Re6 22. Rab1 Rg6 23. Qd3 Qf5 24. Rfd1 Bxf4 25. Ne2 Bxe3 26. Qxe3 Re8 27.
Nf4 Nd6 28. Qc1 Rf6 29. Re1 Rxe1 30. Qxe1 Qe4+ 31. Qxe4 Nxe4 32. b5 axb5 33.
axb5 g5 34. bxc6 bxc6 35. Rb8+ Kg7 36. Nh5+ Kg6 37. Nxf6 Kxf6 38. Rb6 Kf5 39.
Rxc6 f6 40. f3 Nd2 41. Rd6 Nb3 42. Rxd5+ Ke6 43. Rd8 Ke7 44. Rh8 Nxd4 45. Rxh7+
Ke6 46. h4 gxh4 47. gxh4 Kf5 48. h5 Kg5 49. Kf2 Ne6 50. Ke3 f5 51. h6 Kg6 52.
Ra7 Ng5 53. f4 Nh7 54. Ra6+ Kf7 55. Kd4 Nf8 56. Ke5 Kg8 57. Ra8 1-0

[Event "DEM U14w 2011"]
[Site "Oberhof GER"]
[Date "2011.06.14"]
[Round "4"]
[White "Genath, Maren"]
[Black "Paliy, Margaryta"]
[Result "1-0"]
[Termination "normal"]
[Board "13"]
[WhiteElo "1225"]
[BlackElo "1237"]
[PlyCount "85"]
[BlackFideId "24692417"]
[EventCountry "GER"]
[EventRounds "9"]
[EventType "swiss"]
[EventDate "2011.06.11"]

1. e4 e6 2. d4 d5 3. exd5 exd5 4. Nf3 Bg4 5. Bd3 Nc6 6. c3 Bd6 7. Be3 Nge7 8.
Nbd2 O-O 9. Qc2 Ng6 10. h3 Bxf3 11. Nxf3 Qe7 12. O-O-O h6 13. Rde1 Nf4 14. Bxf4
Bxf4+ 15. Kb1 Qf6 16. Re2 Rfe8 17. Rhe1 Re7 18. Qb3 Rae8 19. Rxe7 Rxe7 20. Rxe7
Nxe7 21. Qxb7 Nc6 22. Qc8+ Qd8 23. Qxd8+ Nxd8 24. g3 Bd6 25. Kc2 g6 26. c4 dxc4
27. Bxc4 c5 28. Kd3 Ne6 29. Bxe6 fxe6 30. Ne5 cxd4 31. Kxd4 Bxe5+ 32. Kxe5 Kf7
33. b4 g5 34. a4 h5 35. b5 h4 36. gxh4 gxh4 37. a5 Ke7 38. b6 axb6 39. axb6 Kd8
40. Kxe6 Kc8 41. f4 Kb7 42. f5 Kxb6 43. f6 1-0

[Event "DEM U14w 2011"]
[Site "Oberhof GER"]
[Date "2011.06.14"]
[Round "4"]
[White "Bohdjalian, Roxanne"]
[Black "Denz, Annika"]
[Result "0-1"]
[Termination "normal"]
[Board "14"]
[WhiteElo "993"]
[BlackElo "1261"]
[PlyCount "112"]
[WhiteFideId "12937789"]
[BlackFideId "12922935"]
[EventCountry "GER"]
[EventRounds "9"]
[EventType "swiss"]
[EventDate "2011.06.11"]

1. e4 e5 2. d4 exd4 3. Qxd4 Nc6 4. Qe3 Nf6 5. Bd2 b6 6. Nc3 Bc5 7. Qe2 Nd4 8.
Qd1 O-O 9. Nf3 Nc6 10. Qe2 a5 11. O-O-O Ng4 12. Nd4 Nxf2 13. Qxf2 Bxd4 14. Qg3
Nb4 15. Bc4 Kh8 16. Nd5 Nxd5 17. Bxd5 c6 18. Bc4 b5 19. Be2 a4 20. Rhf1 d6 21.
Bg5 Bf6 22. Bxf6 gxf6 23. Qxd6 Qxd6 24. Rxd6 a3 25. Rxc6 axb2+ 26. Kxb2 Be6 27.
Ra1 Ra4 28. Bxb5 Rb4+ 29. Kc3 Rxb5 30. a4 Re5 31. a5 Rxe4 32. a6 Bd5 33. Rd6
Ba8 34. Rxf6 Rc8+ 35. Kd2 Re7 36. Kd3 Bxg2 37. c4 Kg7 38. Rf5 Be4+ 39. Kd4 Bxf5
40. c5 Be4 41. Kc4 f5 42. Kb5 Rb8+ 43. Kc4 f4 44. a7 Ra8 45. Kb5 Raxa7 46. Rc1
f3 47. c6 Bxc6+ 48. Kxc6 Rec7+ 49. Kd5 Rxc1 50. Ke4 f2 51. h4 f1=Q 52. Ke5 Re1+
53. Kd4 Rd7+ 54. Kc3 Rc1+ 55. Kb4 Rb7+ 56. Ka4 Qa6# 0-1

[Event "DEM U14w 2011"]
[Site "Oberhof GER"]
[Date "2011.06.14"]
[Round "5"]
[White "Schwarz, Larissa"]
[Black "Heinemann, Josefine"]
[Result "1/2-1/2"]
[Termination "normal"]
[Board "1"]
[WhiteElo "1748"]
[BlackElo "1716"]
[PlyCount "41"]
[WhiteFideId "24699004"]
[BlackFideId "12900460"]
[EventCountry "GER"]
[EventRounds "9"]
[EventType "swiss"]
[EventDate "2011.06.11"]

1. e4 c5 2. Nf3 d6 3. Bb5+ Bd7 4. Bxd7+ Qxd7 5. c4 Nc6 6. Nc3 g6 7. d4 cxd4 8.
Nxd4 Bg7 9. Be3 Nf6 10. f3 O-O 11. O-O a6 12. Rc1 e6 13. Qd2 Rfd8 14. Rfd1 Rac8
15. b3 Nxd4 16. Bxd4 Rc6 17. Qe2 Qc7 18. Kh1 Nh5 19. Bxg7 Nxg7 20. Rd3 b5 21.
cxb5 1/2-1/2

[Event "DEM U14w 2011"]
[Site "Oberhof GER"]
[Date "2011.06.14"]
[Round "5"]
[White "Siegl, Melina"]
[Black "Diederichs, Luise"]
[Result "1/2-1/2"]
[Termination "normal"]
[Board "2"]
[WhiteElo "1665"]
[BlackElo "1699"]
[PlyCount "59"]
[WhiteFideId "1272126"]
[BlackFideId "24661597"]
[EventCountry "GER"]
[EventRounds "9"]
[EventType "swiss"]
[EventDate "2011.06.11"]

1. e4 c5 2. Nf3 Nc6 3. d4 cxd4 4. Nxd4 g6 5. Nc3 Bg7 6. Be3 Nf6 7. f3 O-O 8.
Qd2 d5 9. O-O-O Nxd4 10. Bxd4 dxe4 11. fxe4 Be6 12. Be2 Rc8 13. Qf4 Qa5 14. a3
a6 15. g4 b5 16. g5 Ne8 17. Bxg7 Nxg7 18. Nd5 Bxd5 19. exd5 Qc7 20. Qxc7 Rxc7
21. d6 exd6 22. Rxd6 Rfc8 23. c3 Rc6 24. Rhd1 Nf5 25. Rd7 R8c7 26. Rxc7 Rxc7
27. Rd8+ Kg7 28. Ra8 Rc6 29. a4 Nd4 30. Bd3 1/2-1/2

[Event "DEM U14w 2011"]
[Site "Oberhof GER"]
[Date "2011.06.14"]
[Round "5"]
[White "Lagunow, Elina"]
[Black "Böhm, Jana"]
[Result "0-1"]
[Termination "normal"]
[Board "3"]
[WhiteElo "1738"]
[BlackElo "1743"]
[PlyCount "82"]
[WhiteFideId "4673387"]
[BlackFideId "24661589"]
[EventCountry "GER"]
[EventRounds "9"]
[EventType "swiss"]
[EventDate "2011.06.11"]

1. Nf3 Nf6 2. g3 g6 3. Bg2 Bg7 4. O-O O-O 5. d3 d5 6. c3 Nc6 7. Nbd2 e5 8. e4
dxe4 9. dxe4 Be6 10. Qe2 Qe7 11. Nc4 Qc5 12. Ne3 Nxe4 13. Nc2 f5 14. Be3 Qe7
15. Nd2 Nxd2 16. Bxd2 Qf7 17. b3 Bd5 18. Rad1 Bxg2 19. Kxg2 Rad8 20. f3 Rd6 21.
c4 Rfd8 22. Bc3 Nd4 23. Nxd4 exd4 24. Bb4 Re6 25. Qd2 Bf8 26. Bxf8 Qxf8 27. b4
c5 28. bxc5 Qxc5 29. Qc2 Rc6 30. Rb1 Rd7 31. Qa4 b6 32. Rfc1 d3 33. Rb5 Qe3 34.
Qd1 d2 35. Rc2 Qe1 36. Rb1 Re6 37. Rcb2 Re2+ 38. Kh3 Qf2 39. Qh1 d1=Q 40. Rxd1
Rxd1 41. Rxe2 Qxe2 0-1

[Event "DEM U14w 2011"]
[Site "Oberhof GER"]
[Date "2011.06.14"]
[Round "5"]
[White "Bluhm, Sonja Maria"]
[Black "Schäfer, Annabelle"]
[Result "1/2-1/2"]
[Termination "normal"]
[Board "4"]
[WhiteElo "1867"]
[BlackElo "1545"]
[PlyCount "92"]
[WhiteFideId "24654027"]
[BlackFideId "12917729"]
[EventCountry "GER"]
[EventRounds "9"]
[EventType "swiss"]
[EventDate "2011.06.11"]

1. e4 e5 2. Nf3 Nf6 3. Nxe5 d6 4. Nf3 Nxe4 5. Nc3 Nxc3 6. dxc3 Be7 7. Bd3 Be6
8. Nd4 Bd5 9. O-O Nc6 10. Re1 Nxd4 11. cxd4 Qd7 12. Qh5 Be6 13. d5 Bg4 14. Qh4
f6 15. h3 Bf5 16. Qh5+ g6 17. Bxf5 gxh5 18. Bxd7+ Kxd7 19. Bh6 Bf8 20. Bf4 Bg7
21. Re3 Rae8 22. Rae1 Rxe3 23. fxe3 f5 24. c3 h6 25. Kf2 Bf6 26. Kf3 Bg5 27. e4
fxe4+ 28. Rxe4 Rf8 29. Kg3 c6 30. dxc6+ bxc6 31. Bxg5 hxg5 32. Ra4 h4+ 33. Kh2
Ra8 34. Rg4 Rg8 35. g3 hxg3+ 36. Kxg3 Ke6 37. Ra4 Rg7 38. Kg4 Ke5 39. b4 Kd5
40. Ra3 Kc4 41. Ra6 Kxc3 42. Rxc6+ Kxb4 43. Rxd6 Ka3 44. Ra6+ Kb4 45. a4 Rh7
46. Kg3 Rg7 1/2-1/2

[Event "DEM U14w 2011"]
[Site "Oberhof GER"]
[Date "2011.06.14"]
[Round "5"]
[White "Rahimi, Anita"]
[Black "Srokovskiy, Andrea"]
[Result "0-1"]
[Termination "normal"]
[Board "5"]
[WhiteElo "1341"]
[BlackElo "1749"]
[PlyCount "44"]
[WhiteFideId "24692336"]
[BlackFideId "4624947"]
[EventCountry "GER"]
[EventRounds "9"]
[EventType "swiss"]
[EventDate "2011.06.11"]

1. d4 c5 2. c3 Qa5 3. e3 Nf6 4. Bd3 d5 5. Nf3 Bg4 6. Nbd2 cxd4 7. exd4 e6 8.
O-O Bd6 9. b4 Qc7 10. Bb2 Bxh2+ 11. Kh1 Bf4 12. Qc2 Nc6 13. a4 Rc8 14. Ba3 h5
15. g3 Bxd2 16. Nxd2 h4 17. Kg2 hxg3 18. Rh1 Nh5 19. Rae1 Nf4+ 20. Kg1 Rxh1+
21. Kxh1 gxf2 22. Rf1 Kd7 0-1

[Event "DEM U14w 2011"]
[Site "Oberhof GER"]
[Date "2011.06.14"]
[Round "5"]
[White "Zahn, Alina"]
[Black "Bosse, Lea"]
[Result "1-0"]
[Termination "normal"]
[Board "6"]
[WhiteElo "1599"]
[BlackElo "1541"]
[PlyCount "73"]
[WhiteFideId "24696730"]
[BlackFideId "12900419"]
[EventCountry "GER"]
[EventRounds "9"]
[EventType "swiss"]
[EventDate "2011.06.11"]

1. e4 e6 2. d4 d5 3. Nc3 Nf6 4. e5 Nfd7 5. f4 c5 6. Nf3 Nc6 7. Be3 Qb6 8. Na4
Qa5+ 9. c3 cxd4 10. Nxd4 Nxd4 11. Bxd4 a6 12. b3 b5 13. Nb2 Bb7 14. Be2 Be7 15.
O-O O-O 16. f5 exf5 17. Rxf5 Qc7 18. Bd3 f6 19. Rh5 fxe5 20. Bxh7+ Kf7 21. Rf5+
Ke8 22. Qh5+ Kd8 23. Bxe5 Nxe5 24. Rxe5 Qc5+ 25. Kh1 Qxc3 26. Rae1 Qc5 27. Nd3
Qd6 28. Qe2 Bf6 29. Re8+ Kc7 30. Rc1+ Bc6 31. Re6 Qd7 32. Rexc6+ Kd8 33. Qd2
Qf7 34. Qa5+ Ke8 35. Re1+ Be7 36. Bg6 Qxg6 37. Rxg6 1-0

[Event "DEM U14w 2011"]
[Site "Oberhof GER"]
[Date "2011.06.14"]
[Round "5"]
[White "Nitzsche, Pia"]
[Black "Koch, Elisabeth"]
[Result "1/2-1/2"]
[Termination "normal"]
[Board "7"]
[WhiteElo "1590"]
[BlackElo "1538"]
[PlyCount "72"]
[WhiteFideId "12900370"]
[BlackFideId "24695068"]
[EventCountry "GER"]
[EventRounds "9"]
[EventType "swiss"]
[EventDate "2011.06.11"]

1. c4 e5 2. Nc3 Nf6 3. d3 c6 4. g3 d5 5. cxd5 cxd5 6. Bg2 Nc6 7. Bg5 Bc5 8. e3
Be6 9. a3 d4 10. Bxf6 gxf6 11. exd4 Nxd4 12. Rc1 f5 13. Nge2 Nxe2 14. Qxe2 Qg5
15. O-O Bd4 16. Nb5 O-O 17. Nxd4 exd4 18. b4 f4 19. Bxb7 Rae8 20. Qf3 Bh3 21.
Rfe1 fxg3 22. Qxg3 Qg6 23. Kh1 Bf5 24. Be4 Bxe4+ 25. Rxe4 Rxe4 26. dxe4 Rd8 27.
Rd1 Kf8 28. Qxg6 hxg6 29. Rd3 Ke7 30. f4 Ke6 31. Kg2 g5 32. fxg5 Ke5 33. Kf3
Rh8 34. Rd2 Rh3+ 35. Kg4 Rxa3 36. Rf2 Ke6 1/2-1/2

[Event "DEM U14w 2011"]
[Site "Oberhof GER"]
[Date "2011.06.14"]
[Round "5"]
[White "Halas, Lena"]
[Black "Reksten, Anne"]
[Result "1-0"]
[Termination "normal"]
[Board "8"]
[WhiteElo "1558"]
[BlackElo "1358"]
[PlyCount "51"]
[WhiteFideId "12931799"]
[BlackFideId "24692778"]
[EventCountry "GER"]
[EventRounds "9"]
[EventType "swiss"]
[EventDate "2011.06.11"]

1. e4 c6 2. d4 d5 3. Nc3 dxe4 4. Nxe4 Bf5 5. Ng3 Bg6 6. Nh3 h6 7. Nf4 Bh7 8. c3
e6 9. Bd3 Bxd3 10. Qxd3 Nf6 11. Bd2 Qc7 12. O-O-O Bd6 13. Qf3 Na6 14. Rhe1
O-O-O 15. h3 c5 16. d5 exd5 17. Nxd5 Nxd5 18. Qxd5 Kb8 19. Qf3 Rhe8 20. Nf5
Rxe1 21. Rxe1 Be5 22. Nxg7 Rxd2 23. Kxd2 Qd7+ 24. Kc1 Qe7 25. Nf5 Qe6 26. Qe4
1-0

[Event "DEM U14w 2011"]
[Site "Oberhof GER"]
[Date "2011.06.14"]
[Round "5"]
[White "Weber, Sandra"]
[Black "Klinge, Alexandra"]
[Result "1-0"]
[Termination "normal"]
[Board "9"]
[WhiteElo "1624"]
[BlackElo "1127"]
[PlyCount "41"]
[WhiteFideId "1270049"]
[EventCountry "GER"]
[EventRounds "9"]
[EventType "swiss"]
[EventDate "2011.06.11"]

1. e4 e5 2. Nf3 Nc6 3. Bb5 a6 4. Ba4 Nf6 5. O-O Nxe4 6. d4 b5 7. Bb3 d5 8. Nxe5
Nxe5 9. dxe5 Be6 10. c3 Bc5 11. Nd2 f5 12. Nf3 O-O 13. Nd4 Qd7 14. Nxe6 Rad8
15. Nxf8 Kxf8 16. Bc2 Nxf2 17. Rxf2 Qc6 18. Kf1 Bxf2 19. Kxf2 Qc4 20. Qd4 Qc6
21. Bxf5 1-0

[Event "DEM U14w 2011"]
[Site "Oberhof GER"]
[Date "2011.06.14"]
[Round "5"]
[White "Denz, Annika"]
[Black "Mehling, Katharina"]
[Result "0-1"]
[Termination "normal"]
[Board "10"]
[WhiteElo "1261"]
[BlackElo "1644"]
[PlyCount "98"]
[WhiteFideId "12922935"]
[BlackFideId "12900362"]
[EventCountry "GER"]
[EventRounds "9"]
[EventType "swiss"]
[EventDate "2011.06.11"]

1. e4 e6 2. d4 d5 3. exd5 exd5 4. Nf3 Bd6 5. Nc3 Ne7 6. Bd3 c6 7. O-O O-O 8. h3
Bf5 9. Ne2 Bxd3 10. Qxd3 Ng6 11. c4 dxc4 12. Qxc4 Nd7 13. Bg5 Qc7 14. Rfe1 Nb6
15. Qd3 f6 16. Bd2 Nd5 17. a3 Rfe8 18. g3 Rad8 19. Qb3 Kh8 20. h4 Nge7 21. Nc3
Bxg3 22. Nxd5 cxd5 23. fxg3 Qxg3+ 24. Kf1 Nf5 25. Rxe8+ Rxe8 26. Be1 Qh3+ 27.
Kg1 Ne3 28. Qxe3 Rxe3 29. Nh2 h6 30. Bf2 Rb3 31. Rb1 Qd3 32. Rf1 Rxb2 33. h5
Rb1 34. a4 Rxf1+ 35. Nxf1 b5 36. axb5 Qxb5 37. Be1 a5 38. Bxa5 Qxa5 39. Kg2 Qc3
40. Kf2 Qxd4+ 41. Ne3 f5 42. Ke2 f4 43. Nf5 Qe4+ 44. Kf2 Qxf5 45. Ke2 f3+ 46.
Kf2 d4 47. Ke1 Qc2 48. Kf1 d3 49. Ke1 Qe2# 0-1

[Event "DEM U14w 2011"]
[Site "Oberhof GER"]
[Date "2011.06.14"]
[Round "5"]
[White "Gaßmann, Linda"]
[Black "Rosmait, Emily"]
[Result "1-0"]
[Termination "normal"]
[Board "11"]
[WhiteElo "1799"]
[BlackElo "1253"]
[PlyCount "93"]
[WhiteFideId "12900451"]
[BlackFideId "12937754"]
[EventCountry "GER"]
[EventRounds "9"]
[EventType "swiss"]
[EventDate "2011.06.11"]

1. e4 e5 2. Nf3 Nc6 3. d4 exd4 4. Nxd4 Bc5 5. Be3 Qf6 6. c3 Nge7 7. g3 O-O 8.
Bg2 Ne5 9. Qe2 N7c6 10. O-O d6 11. h3 Be6 12. Nxe6 Qxe6 13. Bxc5 dxc5 14. f4
Nd7 15. Nd2 Qg6 16. Kh2 Rad8 17. Nf3 Rfe8 18. Nh4 Qf6 19. e5 Qe6 20. Bf3 f6 21.
Bg4 Qe7 22. Qc4+ Kh8 23. Nf5 Qf8 24. e6 Nb6 25. Qe2 Rd7 26. Rad1 Rxd1 27. Rxd1
g6 28. Nh4 f5 29. Bf3 Nd8 30. Rxd8 Rxd8 31. e7 Qe8 32. Qe5+ Kg8 33. exd8=Q Qxd8
34. Qe6+ Kg7 35. Bxb7 Nd7 36. Bd5 Nf6 37. Qf7+ Kh8 38. Bb3 Ne4 39. Qd5 Qf8 40.
Qe5+ Nf6 41. Qxc7 a6 42. Qb6 Ne4 43. Qxa6 Qd8 44. Qe6 Qb8 45. Qe5+ Qxe5 46.
fxe5 Kg7 47. a4 1-0

[Event "DEM U14w 2011"]
[Site "Oberhof GER"]
[Date "2011.06.14"]
[Round "5"]
[White "Petermann, Tessa"]
[Black "Genath, Maren"]
[Result "0-1"]
[Termination "normal"]
[Board "12"]
[WhiteElo "1358"]
[BlackElo "1225"]
[PlyCount "32"]
[WhiteFideId "12929492"]
[EventCountry "GER"]
[EventRounds "9"]
[EventType "swiss"]
[EventDate "2011.06.11"]

1. d4 d5 2. Nf3 Nf6 3. e3 c6 4. Bd3 Bg4 5. Nbd2 Nbd7 6. b3 e5 7. dxe5 Nxe5 8.
Bb2 Bd6 9. Be2 Qe7 10. O-O O-O-O 11. Rc1 Ne4 12. Nxe5 Bxe2 13. Nxc6 Bxh2+ 14.
Kh1 Qh4 15. Nxa7+ Kb8 16. Qxe2 Bg3+ 0-1

[Event "DEM U14w 2011"]
[Site "Oberhof GER"]
[Date "2011.06.14"]
[Round "5"]
[White "Krein, Jana"]
[Black "Lemke, Berfîn"]
[Result "1-0"]
[Termination "normal"]
[Board "13"]
[WhiteElo "1213"]
[BlackElo "1592"]
[PlyCount "111"]
[WhiteFideId "12937762"]
[BlackFideId "1270578"]
[EventCountry "GER"]
[EventRounds "9"]
[EventType "swiss"]
[EventDate "2011.06.11"]

1. e4 c5 2. Nf3 d6 3. Bb5+ Bd7 4. Bxd7+ Nxd7 5. c4 Ngf6 6. d3 e6 7. O-O Be7 8.
Nc3 O-O 9. Re1 Ng4 10. Bf4 Nge5 11. Nxe5 dxe5 12. Be3 f5 13. Bd2 Rf6 14. Bg5
Rg6 15. Bxe7 Qxe7 16. exf5 exf5 17. Qf3 Qg5 18. Qxb7 Rb8 19. Qd5+ Kh8 20. g3
Rd8 21. h4 Qxh4 22. Kg2 f4 23. Rh1 Qg4 24. Rh3 Rf8 25. f3 Qf5 26. Rah1 h6 27.
Kf2 fxg3+ 28. Rxg3 Nf6 29. Qxc5 Rc8 30. Qxa7 Qxd3 31. Rxg6 Qxg6 32. Rg1 Qc2+
33. Ne2 Rg8 34. b3 Nh5 35. Qe3 Nf4 36. Rh1 Rd8 37. Rxh6+ Kg8 38. Rh1 Rd2 39.
Re1 Nd3+ 40. Kf1 Nxe1 41. Kxe1 Rd1+ 42. Kf2 Qxa2 43. Qxe5 Qa7+ 44. c5 Qf7 45.
c6 Rd5 46. Qe4 Rd6 47. b4 Re6 48. Qc2 Qa7+ 49. Kg2 Qc7 50. b5 Re5 51. Qc4+ Kh8
52. Qh4+ Kg8 53. Qc4+ Kf8 54. b6 Rg5+ 55. Kf1 Qd8 56. c7 1-0